| 000 | 004590000a22001690004500 | ||
|---|---|---|---|
| 041 | 0 | _aSPA | |
| 082 | 0 | 4 | _aG 260 N372i |
| 100 | 1 | _aNee, Watchman | |
| 245 | 1 | 0 | _aLa iglesia normal / Watchman Nee ; Adolfo Deras Escobedo, Traductor |
| 260 | _aCuernavaca, México : Tipografía Indigena | ||
| 300 | _a183 Pag | ||
| 001 | 6569 | ||
| 942 | _cBK | ||
| 999 |
_c36838 _d36838 |
||
| 336 |
_atexto _btxt _2rdacontent |
||
| 337 |
_2rdamedia _asin mediación _bn |
||
| 338 |
_2rdacarrier _avolumen _bnc |
||